The parish and the county /

Saved in:
Bibliographic Details
Main Author: Webb, Sidney, 1859-1947
Other Authors: Webb, Beatrice, 1858-1943, Keith-Lucas, Bryan
Format: Book
Language:English
Published: London : Cass, 1963.
Series:English local government ; v. 1
Subjects:
LEADER 01153nam a22002891a 4500
001 c000338192
003 CARM
005 00000000000000.0
008 830225r19631906enk b 00110 eng d
019 1 |a 2475776  |5 LACONCORD2021 
035 |a (OCoLC)154134965  |5 LACONCORD2021 
043 |a e-uk--- 
100 1 |a Webb, Sidney,  |d 1859-1947. 
245 1 4 |a The parish and the county /  |c Sidney and Beatrice Webb ; with a new introduction by B. Keith-Lucas. 
260 |a London :  |b Cass,  |c 1963. 
300 |a xxxiv, 664 p. ;  |c 23 cm. 
490 0 |a English local government ;  |v v. 1 
500 |a Reprint. Originally published: Longmans, Green, 1906. 
504 |a Includes bibliographical references. 
650 0 |a Local government  |z Great Britain  |x History. 
650 0 |a County government  |z Great Britain. 
650 0 |a Parishes  |z Great Britain. 
700 1 |a Webb, Beatrice,  |d 1858-1943. 
700 2 |a Keith-Lucas, Bryan. 
852 8 |b CARM  |h A1:AM32G0  |i B09749  |p 0440245  |f BK 
999 f f |i 3029a0a2-5ad1-5b62-880f-626d6171e012  |s ebf30584-592f-5522-a6a2-c862bc9ea7b8 
952 f f |p Can circulate  |a CAVAL  |b CAVAL  |c CAVAL  |d CARM 1 Store  |e B09749  |f A1:AM32G0  |h Other scheme  |i book  |m 0440245